00340nam a2200109Ia 4500008004100000082000800041100001900049245004600068942000600114952009500120999001500215240331s9999 xx 000 0 und d bMUT aMuthumeeran, S 0aKilakkilangai muslimgalin nattar padalkal cL 001040708LaWERCLbWERCLcSSCd2024-03-31l0o 398 MUTp4648r2024-03-31w2024-03-31yL c3734d3734